Understanding company accounts /

Bibliographic Details
Main Author: Bird, Peter A.
Format: Book
Language:English
Published: London : Pitman, 1979.
Subjects:

MARC

Tag First Indicator Second Indicator Subfields
LEADER 00000cam a2200000 i 4500
001 in00000095035
005 20150927110625.0
008 791031s1979 enka b 00110 eng
010 |a  79318038  
015 |a GB79-13024 
020 |a 0273012894 :  |c 1.95 
035 |a (OCoLC)05751248 
035 |9 AAL6915AM 
040 |a DLC  |c DLC  |d TXA  |d UtOrBLW 
043 |a e-uk--- 
049 |a TXAM  |c [1191377] 
050 0 0 |a HF5616.G7  |b B52 1979 
082 0 |a 657/.95/0941 
100 1 |a Bird, Peter A. 
245 1 0 |a Understanding company accounts /  |c Peter Bird. 
264 1 |a London :  |b Pitman,  |c 1979. 
300 |a vii, 111 pages :  |b illustrations ;  |c 23 cm. 
336 |a text  |b txt  |2 rdacontent 
337 |a unmediated  |b n  |2 rdamedia 
338 |a volume  |b nc  |2 rdacarrier 
500 |a Includes index. 
504 |a Bibliography: pages [93]-94. 
650 0 |a Accounting  |z Great Britain. 
999 |a MARS 
999 f f |s cedd9bc7-44cc-3503-a8c1-43beb7bf56f0  |i 6ea2305d-c9da-3c4c-b8f2-98fe9c0942f4  |t 0 
952 f f |p ric  |a Texas A&M University  |b Rellis Campus  |c Joint Library Facility  |d Remote Storage  |t 0  |e HF5616.G7 B52 1979  |h Library of Congress classification  |i unmediated -- volume  |m A14802829821 
998 f f |a HF5616.G7 B52 1979  |t 0  |l Remote Storage